Vista normal
Vista MARC
Entrada Materia (personas)
Número de registros utilizados en: 1
001 - CONTROL NUMBER
- control field: 104296
003 - CONTROL NUMBER IDENTIFIER
- control field: Co-BoUCM
005 - DATE AND TIME OF LATEST TRANSACTION
- control field: 20210722104942.0
008 - FIXED-LENGTH DATA ELEMENTS
- fixed length control field: 210722|| aca||aabn | a|a d
040 ## - CATALOGING SOURCE
- Original cataloging agency: Co-BoUCM
- Transcribing agency: Co-BoUCM
100 ## - HEADING--PERSONAL NAME
- Personal name: Díaz Lemos, Ángel M.
- Dates associated with a name: 1853-1959
670 ## - SOURCE DATA FOUND
- Source citation: Work cat.: (Co-BoUCM)73845: Díaz Lemos, Ángel M. 1853-1959, Compendio de geografía de la República de Colombia, 1907